zpět

Detail výsledku týmu

KD Zliv, Zliv

Datum a čas kvízu

29 Celkem bodů Celkový počet nahraných bodů na tomto kvízu bez doplňovacích otázek.
9. Pořadí na kvízu Konečné umístění týmu na tomto kvízu.

Zaznamenané odpovědi

# Otázka Odpověď Body Výsledky
1. Polistopadový ministr vnitra a... 1
2. Polská policie musela ve střed... 1
3. Televize Nova musela minulý tý... 1
4. Slovensko na Den vítězství zač... 1
5. Fotbalisté jistého klubu vytvo... 1
6. Také se Vám někdy stane, že v... 1
7. Okrajový; mezní; podružný, ned... 1
8. Vzpomeňte si na jednu dříve ho... 0
9. Ve filmu Tajemství hradu v Kar... 0
10. Kdo hledí pouze na prospěch, t... 0